Statistics for Managers to have won EPL in 21st Century

Click here to take the quiz!

General Stats

  • This quiz has been taken 72 times
  • The average score is 17 of 21

Answer Stats

HintAnswer% Correct
1999-2000Alex Ferguson
96%
2007-2008Alex Ferguson
96%
2012-2013Alex Ferguson
96%
2002-2003Alex Ferguson
96%
2010-2011Alex Ferguson
96%
2000-2001Alex Ferguson
96%
2008-2009Alex Ferguson
96%
2006-2007Alex Ferguson
96%
2019-2020Jurgen Klopp
83%
2018-2019Pep Guardiola
83%
2017-2018Pep Guardiola
83%
2005-2006Jose Mourinho
81%
2004-2005Jose Mourinho
81%
2014-2015Jose Mourinho
81%
2003-2004Arsene Wenger
78%
2001-2002Arsene Wenger
78%
2015-2016Claudio Ranieri
78%
2016-2017Antonio Conte
58%
2011-2012Roberto Mancini
52%
2013-2014Manuel Pellegrini
48%
2009-2010Carlo Ancelotti
45%

Score Distribution

Percentile by Number Answered

Percent of People with Each Score

Your Score History

You have not taken this quiz